[Event "GER-chT U14"]
[Site "Verden an der Aller"]
[Date "2017.12.28"]
[Round "4.4"]
[White "Meyer, Beenke"]
[Black "Grozea, Filip"]
[Result "0-1"]
[WhiteElo "1271"]
[BlackElo "1605"]
[PlyCount "100"]
[EventDate "2017.12.26"]
[EventType "team-swiss"]
[EventRounds "7"]
[EventCountry "GER"]
[SourceTitle "CBM 182 Extra"]
[Source "ChessBase"]
[SourceDate "2018.02.23"]
[SourceVersion "1"]
[SourceVersionDate "2018.02.23"]
[SourceQuality "1"]
[WhiteTeam "Aurich"]
[BlackTeam "Berlin Mattnetz"]
[WhiteTeamCountry "GER"]
[BlackTeamCountry "GER"]

1. e4 c6 2. d4 d5 3. e5 Bf5 4. Nf3 e6 5. Nc3 c5 6. Ne2 Nc6 7. c3 Qb6 8. Ng3 Bg4 9. Ne2 cxd4 10. cxd4 Nge7 11. h3 Bh5 12. g4 Bg6 13. Bg2 Nb4 14. 0-0 Nc2 15. Rb1 Nb4 16. Ra1 Rc8 17. a3 Nc2 18. Rb1 Nxa3 19. Qa4+ Nc6 20. bxa3 Bxb1 21. Nd2 Bd3 22. Qd1 Bxe2 23. Qxe2 Nxd4 24. Qd3 Nc6 25. Qg3 Nd4 26. Qd3 Bc5 27. Kh1 Qb5 28. Qxb5+ Nxb5 29. Nb3 Bxf2 30. Rxf2 0-0 31. a4 Nc3 32. a5 Na4 33. Rf3 Rfd8 34. Bg5 Rd7 35. Be3 a6 36. Bd4 Rdc7 37. h4 Nc3 38. Bb6 Rc4 39. Bd4 Nb5 40. Rd3 Rb4 41. Bf3 Rxb3 42. Rxb3 Nxd4 43. Rd3 Nxf3 44. Rxf3 Rc5 45. Rb3 Rxa5 46. Rxb7 g6 47. Rb4 Rb5 48. Ra4 a5 49. Kh2 Rb4 50. Rxa5 Rxg4 0-1